00413nam a2200157Ia 4500003000400000008004100004040001600045082001700061100002600078245005000104260004400154300001000198650001400208650001000222650002300232GCL140319s9999 xx 000 0 eng d aGCL / cGCL04a371.332bS D1 aSIKS, GEROLDINE BRAIN10aDRAMA WUTH CHILDREN / cSIKS, GEROLDINE BRAIN a[S.N] : bHARPER AND BROTHERS ، c1983 a332 P04aEDUCATION04aDRAMA04aDRAMA IN EDUCATION